Monitorovanie staníc SKPOS

Uložené v:
Podrobná bibliografia
Hlavný autor: Butkovská, Simona (Autor)
Ďalší autori: Gerhátová, Ľubomíra (Vedúci práce)
Médium: Rukopis Kniha
Jazyk:Slovak
Vydavateľské údaje: 2025
Predmet:
On-line prístup:http://is.stuba.sk/zp/portal_zp.pl?podrobnosti=185137
CRZP
Tagy: Pridať tag
Žiadne tagy, Buďte prvý, kto otaguje tento záznam!

MARC

LEADER 00000ntm a22000003a 4500
001 stuzp104855
003 SK-STU
005 20250722133854.2
007 ta
008 150427s2015----xo-----f-mn---000-0-slo-d
040 |a STU  |b slo 
041 0 |a slo 
100 1 |a Butkovská, Simona  |u 010130  |4 aut  |U SvF Stavebná fakulta  |T SvF Katedra globálnej geodézie a geoinformatiky  |X 128408  |U V130  |Y 13  |7 128408 
242 0 1 |a Monitoring of SKPOS stations  |y eng 
245 1 0 |a Monitorovanie staníc SKPOS 
260 |c 2025 
650 4 |a RTKNAVI  |2 eng 
650 4 |a VRS  |2 eng 
650 4 |a monitoring of the network solution quality  |2 eng 
650 4 |a RTK measurement  |2 eng 
650 4 |a SKPOS  |2 eng 
650 4 |a RTKNAVI  |2 slo 
650 4 |a VRS  |2 slo 
650 4 |a SKPOS  |2 slo 
650 4 |a monitoring kvality sieťového riešenia  |2 slo 
650 4 |a RTK meranie  |2 slo 
700 1 |a Gerhátová, Ľubomíra  |u 010130  |k Z1  |4 ths  |U SvF Stavebná fakulta  |T SvF Katedra globálnej geodézie a geoinformatiky  |X 941  |U V130  |Y 13  |7 A000000941 
856 4 |u http://is.stuba.sk/zp/portal_zp.pl?podrobnosti=185137 
856 4 |u https://opac.crzp.sk/?fn=detailBiblioForm&sid=809C367C54749DCAA140A9FF7E5A  |z CRZP